National Team footballers since 2010: Uruguay - Statistics

General Stats
  • This quiz has been taken 106 times
  • The average score is 38 of 106
Answer Stats
Years Club(s) Apps. Pos. Footballer % Correct
2010-22 Paris Saint-Germain / Napoli 124 FW Édinson Cavani
100%
2010-24 FC Barcelona / Liverpool 112 FW Luis Suárez
100%
2022 Getafe 7 DF Damián Suárez
97%
2017-24 Real Madrid 60 MF Fede Valverde
96%
2018-19 Defensor Sporting / Montpellier 3 DF Mathías Suárez
96%
2010-22 Galatasaray / SS Lazio 128 GK Fernando Muslera
89%
2010-22 Atlético de Madrid / Cagliari 125 DF Diego Godín
88%
2017-24 Tottenham Hotspur / Juventus 62 MF Rodrigo Bentancur
84%
2013-24 Atlético de Madrid 87 DF José María Giménez
83%
2019-24 Liverpool / SL Benfica 27 FW Darwin Núñez
79%
2020-24 FC Barcelona 20 DF Ronald Araújo
70%
2010-14 Atlético de Madrid / Internacional Porto Alegre 52 FW Diego Forlán
68%
2023-24 Deportivo Toluca 12 FW Maximiliano Araújo
68%
2010-22 Juventus / Sevilla 97 DF Martín Cáceres
67%
2021-24 Paris Saint-Germain / Sporting CP 19 MF Manuel Ugarte
66%
2022-24 Club América 14 DF Sebastián Cáceres
66%
2018-22 Arsenal / Fiorentina 40 MF Lucas Torreira
63%
2019-24 Los Angeles FC / Club América 23 MF Brian Rodríguez
62%
2010-18 Atlético de Madrid / Peñarol 74 MF Cristian Rodríguez
62%
2014-23 Cruz Azul / Peñarol 31 FW Jonathan Rodríguez
62%
2010 River Plate Uruguay 1 MF Jorge Rodríguez
62%
2023 Vasco da Gama 2 DF José Luis Rodríguez
62%
2024 Liverpool Uruguay 2 FW Luciano Rodríguez
62%
2011-23 Sporting CP / Liverpool 51 DF Sebastián Coates
51%
2010-16 FC Porto / Internazionale Milano 69 MF Álvaro Pereira
50%
2016-23 Internazionale Milano / SS Lazio 69 MF Matías Vecino
50%
2010-18 Benfica / FC Porto 91 DF Maximiliano Pereira
50%
2010-12 Universidad de Chile / Chicago Fire 5 MF Álvaro Fernández
49%
2014-15 Universidad de Chile 3 MF Guzmán Pereira
49%
2010-12 Málaga / Banfield 9 FW Sebas Fernández
49%
2010-17 Hull City / Palermo 29 FW Abel Hernández
47%
2012-19 Espanyol / Girona 50 FW Cristhian Stuani
46%
2016-19 Genoa / AC Milan 24 DF Diego Laxalt
45%
2022-24 Manchester United 24 MF Facundo Pellistri
45%
2014-18 Monterrey / River Plate 38 MF Carlos Sánchez
43%
2010-17 SS Lazio / Atlas 61 MF Álvaro González
42%
2019-23 Peñarol 17 DF Giovanni González
42%
2010 Durazno 1 DF Ignacio González Barón
42%
2017-23 Valencia / Celta de Vigo 32 FW Maxi Gómez
42%
2010 Levadiakos 2 MF Nacho González
42%
2010-14 Fenerbahçe / Paris Saint-Germain 55 DF Diego Lugano
41%
2010-14 Bologna / AS Monaco 41 MF Diego Pérez
41%
2022-24 Napoli / Getafe 22 DF Mathías Olivera
41%
2015-24 Cagliari / Boca Juniors 59 MF Nahitan Nández
41%
2023-24 Los Angeles FC 5 FW Cristian Olivera
39%
2014-24 Flamengo / Cruzeiro 47 MF Giorgian de Arrascaeta
38%
2013-17 Lanús / Club Olimpia 3 MF Alejandro Silva
34%
2023 Midtjylland 2 MF Emiliano Martínez
34%
2021 Liverpool Uruguay 1 FW Federico Martínez
34%
2014-18 Granada / CA Independiente 19 DF Gastón Silva
34%
2010 Catania 1 FW Jorge Martínez
34%
2010-17 Vasco da Gama / Club Olimpia 11 GK Martín Silva
34%
2020-24 River Plate / Flamengo 30 MF Nicolás de la Cruz
34%
2010-19 Botafogo / Seattle Sounders 58 MF Nicolás Lodeiro
32%
2021 Peñarol 4 FW Agustín Álvarez
29%
2010-17 Tigres UANL / Club Tijuana 85 MF Egidio Arévalo Ríos
29%
2019-24 AS Roma / Club Nacional 40 DF Matías Viña
29%
2010-14 Napoli / Internazionale Milano 38 MF Walter Gargano
28%
2021-24 Peñarol / Orlando City 16 FW Facundo Torres
26%
2010-18 Southampton / Bologna 43 MF Gastón Ramírez
26%
2022-24 Club Nacional / Internacional de Porto Alegre 23 GK Sergio Rochet
26%
2020-22 Getafe 12 MF Mauro Arambarri
25%
2010-12 Botafogo 16 FW Sebastián Abreu
25%
2017-24 Flamengo / Peñarol 15 DF Guillermo Varela
21%
2022 CA Independiente 1 GK Sebastián Sosa
21%
2012-13 Real Sociedad 2 MF Gonzalo Castro
18%
2010-17 FC Porto / Club Nacional 26 DF Jorge Fucile
18%
2016-20 CA Independiente / Al-Batin 9 GK Martín Campaña
18%
2023 Schalke 04 1 MF Rodrigo Zalazar
18%
2022-24 Athletico Paranaense / Peñarol 11 FW Agustín Canobbio
17%
2023 Sporting CP 1 GK Franco Israel
17%
2017-21 PSV Eindhoven / Cagliari 14 MF Gastón Pereiro
17%
2014-17 Girondins Bordeaux 25 FW Diego Rolán
16%
2022-23 Fenerbahçe 7 FW Diego Rossi
16%
2018-23 Corinthians / Montevideo Wanderers 6 DF Bruno Méndez
14%
2018-19 RB Leipzig 4 DF Marcelo Saracchi
14%
2017-23 Las Palmas / Atlético Mineiro 3 DF Mauricio Lemos
14%
2023 Girona 2 DF Santi Bueno
14%
2023-24 Junior / CA Unión 4 GK Santiago Mele
13%
2022 Hertha BSC 1 DF Agustín Rogel
12%
2010-13 Colo-Colo / Club Nacional 16 DF Andrés Scotti
12%
2023-24 Club León 2 FW Federico Viñas
12%
2021-23 Palmeiras 13 DF Joaquín Piquerez
12%
2015 River Plate Uruguay 2 FW Michael Santos
12%
2021 Club Nacional 1 FW Brian Ocampo
11%
2014-18 Danubio / River Plate 8 MF Camilo Mayada
11%
2021-22 Santos Laguna 7 MF Fernando Gorriarán
11%
2022 Empoli 1 FW Martín Satriano
11%
2014-17 Universidad de Chile / San Lorenzo de Almagro 22 DF Mathias Corujo
11%
2010-13 Sporting de Gijón / Club Libertad 28 MF Sebastián Eguren
11%
2015-19 Santos Laguna / Club América 8 MF Brian Lozano
9%
2023 Grêmio 7 MF Felipe Carballo
9%
2020 Club Nacional 1 MF Gabriel Neves
9%
2021 Athletico Paranaense 2 MF Miguel Terans
9%
2023 RB Bragantino 2 FW Thiago Borbas
9%
2010 LFA Reggio Calabria 1 DF Carlos Valdez
8%
2014 Getafe 1 DF Emiliano Velázquez
8%
2017 Club Nacional 1 GK Esteban Conde
8%
2017 Málaga 1 DF Federico Ricca
8%
2017-18 Pachuca / Monterrey 6 FW Jonathan Urretaviscaya
8%
2010-16 Universidad de Chile / Cruzeiro 20 DF Mauricio Victorino
8%
2010-11 Deportivo Cali / Colo-Colo 2 GK Juan Castillo
7%
2012-14 Estudiantes LP / Peñarol 5 DF Matías Aguirregaray
7%
2020 Club Nacional 1 DF Agustín Oliveros
5%
2011-12 Liverpool Uruguay / SS Lazio 2 FW Emiliano Alfaro
5%
2010-14 Club Nacional 2 MF Diego Arismendi
4%
No matching quizzes found
Score Distribution
Percent of People with Each Score
Percentile by Number Answered
Your Score History
You have not taken this quiz